Systematic botany of flowering plants (Record no. 596656)

MARC details
000 -LEADER
fixed length control field 00412nam a2200145Ia 4500
008 - FIXED-LENGTH DATA ELEMENTS--GENERAL INFORMATION
fixed length control field 100415s9999 xx 000 0 und d
082 ## - DEWEY DECIMAL CLASSIFICATION NUMBER
Item number 13742
Classification number 581
100 ## - MAIN ENTRY--PERSONAL NAME
Personal name Mukerjee NM
245 ## - TITLE STATEMENT
Title Systematic botany of flowering plants
260 ## - PUBLICATION, DISTRIBUTION, ETC. (IMPRINT)
Place of publication, distribution, etc AGRA
Date of publication, distribution, etc 1951
Name of publisher, distributor, etc BANWASI LAL JAIN
365 ## - TRADE PRICE
Price amount 4
630 ## - SUBJECT ADDED ENTRY--UNIFORM TITLE
Uniform title Systematic botany of flowering plants
730 ## - ADDED ENTRY--UNIFORM TITLE
Uniform title Systematic botany of flowering plants
942 ## - ADDED ENTRY ELEMENTS (KOHA)
Koha item type Book
Holdings
Withdrawn status Lost status Damaged status Not for loan Home library Current library Date acquired Cost, normal purchase price Total Checkouts Full call number Barcode Date last seen Price effective from Koha item type
        Bombay Natural History Society Bombay Natural History Society 03/27/1995 4.00   581 13742 BNHS-13742 04/15/2010 04/15/2010 Book